[Event "Lone Pine op"]
[Site "Lone Pine"]
[Date "1979.??.??"]
[Round "5"]
[White "Seirawan, Yasser"]
[Black "Gligoric, Svetozar"]
[Result "1/2-1/2"]
[WhiteElo "2485"]
[BlackElo "2560"]

1.c4 c5 2.g3 e6 3.Bg2 d5 4.cxd5 exd5 5.d3 Nc6 6.Nc3 Nf6 7.Bg5 Be7 8.Nh3 d4
9.Bxf6 Bxf6 10.Ne4 Bxh3 11.Bxh3 Be7 12.O-O O-O 13.Rc1 b6 14.Qa4 Na5 15.a3 f5
16.Nd2 Qe8 17.Qxe8 Raxe8 18.Rc2 Bd6 19.Re1 g5 20.Bg2 Kg7 21.Rb1 Rxe2 22.b4 c4
23.dxc4 d3 24.Rcb2 Be5 25.bxa5 Bd4 26.Ra2 f4 27.g4 f3 28.Bxf3 Rxf3 29.Nxf3 Bxf2+
30.Kf1 Rxa2 31.Rd1 Bc5 32.Rxd3 bxa5 33.Nxg5 Bxa3 34.Rd7+ Kg6 35.h4 h5 36.Rxa7 hxg4
37.Rxa5 Ra1+ 38.Kg2 Bb2 39.Rd5 Ra4 40.c5 Rc4  1/2-1/2

[Event "Lone Pine op"]
[Site "Lone Pine"]
[Date "1979.??.??"]
[Round "7"]
[White "Liberzon, Vladimir M"]
[Black "Seirawan, Yasser"]
[Result "1/2-1/2"]
[WhiteElo "2515"]
[BlackElo "2485"]

1.e4 e6 2.d4 d5 3.Nc3 Bb4 4.e5 Qd7 5.Ne2 b6 6.Nf4 g6 7.Bd2 Bf8 8.Bb5 c6 9.Ba4 Na6
10.O-O Nc7 11.Nce2 Ba6 12.Re1 O-O-O 13.Rc1 Kb8 14.b4 Nb5 15.c4 dxc4 16.Rxc4 Ne7
17.Qc1 Bb7 18.Bb3 Nf5 19.Rd1 Be7 20.Be3 Nc7 21.a3 g5 22.Nh5 h6 23.Rc2 Rc8
24.Nc3  1/2-1/2

[Event "Lone Pine op"]
[Site "Lone Pine"]
[Date "1979.??.??"]
[Round "9"]
[White "Seirawan, Yasser"]
[Black "Reshevsky, Samuel Herman"]
[Result "1/2-1/2"]
[WhiteElo "2485"]
[BlackElo "2485"]

1.g3 g6 2.Bg2 Bg7 3.c4 c5 4.Nc3 Nc6 5.a3 a6 6.Rb1 Rb8 7.Qa4 Nd4 8.b4 b5 9.cxb5 Nxb5
10.Nxb5 Rxb5 11.e3 Qc7 12.Ne2 Bb7 13.O-O Bxg2 14.Kxg2 Qb7+ 15.f3 Nf6 16.d4 cxb4
17.Rxb4 Rxb4 18.Qxb4 Qxb4 19.axb4 Kd8 20.Nc3  1/2-1/2

[Event "Malta ol (Men)"]
[Site "La Valetta"]
[Date "1980.??.??"]
[Round "?"]
[White "Seirawan, Yasser"]
[Black "Tal, Mihail"]
[Result "1-0"]
[WhiteElo "2510"]
[BlackElo "2705"]

1.c4 e5 2.Nc3 Nf6 3.Nf3 Nc6 4.g3 d5 5.cxd5 Nxd5 6.d3 Be7 7.Bg2 Be6 8.O-O O-O
9.a3 Qd7 10.Bd2 f6 11.Rc1 Rfd8 12.b4 Nxc3 13.Bxc3 Bd5 14.Qc2 a5 15.b5 Nd4
16.Bxd4 exd4 17.Qb2 c6 18.bxc6 bxc6 19.a4 c5 20.Qc2 Rab8 21.Nd2 Be6 22.Rb1 Rb4
23.Rxb4 cxb4 24.Rc1 Qd6 25.Qb2 Rc8 26.Rxc8+ Bxc8 27.Nb3 Qe5 28.f4 Qe3+ 29.Kf1 g5
30.Nxa5 Be6 31.Nc6 Bc5 32.Nxb4 gxf4 33.Nd5 Bxd5 34.Bxd5+ Kg7 35.Qb7+ Be7
36.Be4 Kf8 37.Qc8+ Kg7 38.Qg4+ Kf8 39.Bxh7 Bd6 40.gxf4 Bxf4 41.Kg2 Bd6 42.Be4 Qd2
43.h4 Be5 44.h5 Ke7 45.Bf3 Kd6 46.Qg6 Qf4 47.h6 Qh2+ 48.Kf1 Qh3+ 49.Bg2 Qc8
50.Kf2 Qc1 51.Bf3 Qe3+ 52.Kg2 Qf4 53.h7 Qh2+ 54.Kf1 Qh3+ 55.Bg2 Qc8 56.Kf2 Qc1
57.Bf3  1-0

[Event "Baden"]
[Site "Vienna"]
[Date "1980.??.??"]
[Round "7"]
[White "Miles, Anthony J"]
[Black "Seirawan, Yasser"]
[Result "1/2-1/2"]
[WhiteElo "2545"]
[BlackElo "2510"]

1.d4 Nf6 2.c4 e6 3.Nf3 b6 4.a3 Bb7 5.Nc3 d5 6.cxd5 exd5 7.g3 Bd6 8.Bg2 O-O
9.O-O Re8 10.Bg5 Nbd7 11.Nb5 h6 12.Nxd6 cxd6 13.Bxf6 Nxf6 14.Qd3 a5 15.b4 axb4
16.axb4 Qd7 17.b5 Ne4 18.e3 Rec8 19.Rxa8 Rxa8 20.Qb3 Ra5 21.Rb1 Qf5 22.Qb2 Bc8
23.Ra1 Rxa1+ 24.Qxa1 Bd7 25.Qb2 Qh5 26.Qb3 g6 27.h4 Kg7 28.Qb2 Kg8 29.Kf1 Bh3
30.Kg1 Bg4 31.Nd2 Qf5 32.Nxe4 dxe4 33.Qb4 d5 34.Qd6 Qe6 35.Qb8+ Kg7 36.Kf1 Qc8
37.Qe5+ Kh7 38.Kg1 Qd7 39.Bf1 h5 40.Qb8 Qe6 41.Qc7 Kg7 42.Bg2 Be2 43.Bf1 Bg4  1/2-1/2

[Event "Baden"]
[Site "Vienna"]
[Date "1980.??.??"]
[Round "8"]
[White "Hoelzl, Franz"]
[Black "Seirawan, Yasser"]
[Result "0-1"]
[WhiteElo "2415"]
[BlackElo "2510"]

1.c4 e6 2.d4 Nf6 3.Nc3 Bb4 4.Qc2 d5 5.Nf3 O-O 6.Bg5 Nbd7 7.e3 c5 8.cxd5 exd5
9.Be2 Qa5 10.O-O Bxc3 11.bxc3 Ne4 12.Rfc1 Nb6 13.Bd3 Nxg5 14.Nxg5 h6 15.Nf3 Be6
16.Rab1 cxd4 17.cxd4 Rfc8 18.Qb3 Rab8 19.Ne5 Qd2 20.Rc2 Rxc2 21.Qxc2 Qxc2
22.Bxc2 Rc8 23.Bb3 Bf5 24.Ra1 Rc3 25.Kf1 f6 26.Nf3 a5 27.Ke1 Nc4 28.Kd1 a4
29.Bxc4 dxc4 30.Rc1 Rd3+ 31.Ke1 b5 32.d5 Rxd5 33.Nd4 Bd7 34.Kd2 Rh5 35.h3 Rg5
36.g4 h5 37.f3 hxg4 38.hxg4 f5 39.gxf5 Rg2+ 40.Kc3 Rxa2 41.e4 Ra3+ 42.Kb4 Ra2
43.e5 Rb2+ 44.Kc3 a3 45.e6 Be8 46.Ra1 b4+ 47.Kxc4 Ba4 48.Rg1 Kf8 49.f6 gxf6
50.Nf5 Bb3+  0-1

[Event "Baden"]
[Site "Vienna"]
[Date "1980.??.??"]
[Round "9"]
[White "Seirawan, Yasser"]
[Black "Byrne, Robert E"]
[Result "0-1"]
[WhiteElo "2510"]
[BlackElo "2530"]

1.Nf3 Nf6 2.b3 g6 3.Bb2 Bg7 4.c4 O-O 5.e3 d6 6.Be2 e5 7.O-O Nbd7 8.d3 Re8
9.Nbd2 Nf8 10.b4 Bf5 11.c5 dxc5 12.e4 Bg4 13.bxc5 Ne6 14.Nxe5 Bxe2 15.Qxe2 Nd4
16.Bxd4 Qxd4 17.Ndf3 Qxc5 18.d4 Qe7 19.Rac1 Rad8 20.Rfe1 c6 21.Rb1 c5 22.d5 Nh5
23.Nc4 Rxd5 24.exd5 Qxe2 25.Rxe2 Rxe2 26.d6 Rxa2 27.g3 Ra1 28.Rxa1 Bxa1 29.d7 Bf6
30.Nd6 Ng7 31.Nxb7 Ne6 32.Nd2 Kf8 33.Ne4 Bd8 34.Nexc5 Nxc5 35.Nxd8 Nxd7 36.Nc6 a6
37.Kf1 f6 38.Ke2 Kf7 39.f4 Ke6 40.Kd3 Kd6 41.Nd4 Kd5 42.Nc2 Nc5+ 43.Kc3 a5
44.Ne3+ Ke4 45.Nc4 Nb7 46.Nb6 Nd6 47.Nd7 Kf5 48.Kb3 h5 49.Ka4 Ne4 50.Kxa5 Nd2
51.h3 Ne4  0-1

[Event "Baden"]
[Site "Vienna"]
[Date "1980.??.??"]
[Round "10"]
[White "Gligoric, Svetozar"]
[Black "Seirawan, Yasser"]
[Result "0-1"]
[WhiteElo "2565"]
[BlackElo "2510"]

1.d4 Nf6 2.c4 e6 3.Nc3 Bb4 4.e3 c5 5.Bd3 Nc6 6.Nf3 Bxc3+ 7.bxc3 d6 8.O-O e5
9.Nd2 O-O 10.d5 Ne7 11.Qc2 g6 12.e4 Nh5 13.Nf3 Kg7 14.Bd2 h6 15.Be2 f5 16.exf5 Bxf5
17.Qc1 Ng8 18.Ne1 Nhf6 19.Nc2 g5 20.Ne3 Bg6 21.f3 Qd7 22.Bd1 Nh5 23.Bc2 Nf4
24.Qb1 Rf7 25.g3 Bxc2 26.Qxc2 Ng6 27.Kg2 Raf8 28.Rae1 N8e7 29.a4 Nf5 30.Nxf5+ Rxf5
31.Re4 R8f6 32.Qd1 h5 33.h3 Qf7 34.Be3 Kf8 35.Rf2 Ke8 36.Rf1 Kd7 37.Rf2 Kc8
38.Rf1 Qh7 39.Bd2 Rf8 40.Qe1 Qf7 41.Qd1 Kc7 42.Be3 Qg7 43.Kh2 Qh7 44.Kg2 Rg8
45.Bd2 Nf8 46.Qb1 Nd7 47.Ree1 Nb6 48.Qe4 Nxa4 49.Ra1 Nb6 50.Rxa7 Rf7 51.Re1 Qxe4
52.Rxe4 Rgf8 53.f4 gxf4 54.gxf4 Nd7 55.Kg3 Rg8+ 56.Kf2 Rfg7 57.Ke2 Rg2+ 58.Kd1 Rh2
59.Re2 Rg1+ 60.Be1 Rhh1 61.Kd2 exf4 62.Bh4  0-1

[Event "Baden"]
[Site "Vienna"]
[Date "1980.??.??"]
[Round "13"]
[White "Seirawan, Yasser"]
[Black "Liberzon, Vladimir M"]
[Result "1/2-1/2"]
[WhiteElo "2510"]
[BlackElo "2545"]

1.Nf3 Nf6 2.c4 e6 3.b3 d5 4.Bb2 Be7 5.e3 O-O 6.d4 b6 7.Bd3 Bb7 8.O-O Nbd7
9.Qe2 a6 10.Nbd2 Ne4 11.Rac1 f6 12.cxd5 exd5 13.Nb1 f5 14.Ba3 c5 15.dxc5 bxc5
16.Rfd1 Bd6 17.Bb2 Qe7 18.Nbd2  1/2-1/2

[Event "Baden"]
[Site "Vienna"]
[Date "1980.??.??"]
[Round "14"]
[White "Janetschek, Karl"]
[Black "Seirawan, Yasser"]
[Result "0-1"]
[WhiteElo "2325"]
[BlackElo "2510"]

1.e4 c6 2.d4 d5 3.exd5 cxd5 4.c4 Nf6 5.Nc3 g6 6.cxd5 Bg7 7.Bc4 O-O 8.Nge2 Nbd7
9.O-O Nb6 10.Bb3 Nfxd5 11.Nxd5 Nxd5 12.Bg5 b6 13.Qd2 Bb7 14.Rfe1 Rc8 15.Nc3 Re8
16.Rad1 Nxc3 17.bxc3 Qd7 18.Qf4 e6 19.Re3 a5 20.h4 a4 21.Bc2 f5 22.Qg3 b5
23.Bf4 Kf7 24.h5 Rg8 25.hxg6+ hxg6 26.Be5 Bd5 27.Bb1 Bxe5 28.Rxe5 Rh8 29.Rde1 Rh5
30.Qe3 Qc6 31.f3 Rch8 32.Kf2 Rh1 33.Bd3 Rxe1 34.Qxe1 a3 35.c4 bxc4 36.Bc2 Qb6
37.Re3 Qb2 38.Qc3 f4  0-1

[Event "Hoogovens"]
[Site "Wijk aan Zee"]
[Date "1980.??.??"]
[Round "2"]
[White "Seirawan, Yasser"]
[Black "Kortschnoj, Viktor"]
[Result "1-0"]
[WhiteElo "2280"]
[BlackElo "2280"]

1.c4 Nf6 2.Nc3 e6 3.e4 d5 4.e5 d4 5.exf6 dxc3 6.bxc3 Qxf6 7.d4 c5 8.Nf3 h6
9.Bd3 cxd4 10.cxd4 Bb4+ 11.Kf1 Nc6 12.Bb2 Bc5 13.Bc2 O-O 14.Qd3 Rd8 15.Rd1 Kf8
16.Qe4 Bd6 17.h4 Qf5 18.Qe2 Qa5 19.Bb3 Ne7 20.h5 b6 21.Qe4 Ba6 22.d5 exd5
23.Qh7 f6 24.Kg1 Bxc4 25.Rh4 Bxb3 26.axb3 Kf7 27.Rg4 Rg8 28.Re1 d4 29.Rxd4 Be5
30.Rd7 Qxe1+ 31.Nxe1 Bxb2 32.Nd3 Ba3 33.Nf4 Rgd8 34.Qg6+ Kg8 35.Qd3 Rxd7
36.Qxd7 Rc8 37.Kh2 Kf7 38.Ng6 Ra8 39.Nxe7  1-0

[Event "Hoogovens"]
[Site "Wijk aan Zee"]
[Date "1980.??.??"]
[Round "5"]
[White "Bohm, Hans"]
[Black "Seirawan, Yasser"]
[Result "0-1"]
[WhiteElo "2430"]
[BlackElo "2510"]

1.e4 c6 2.d4 d5 3.Nd2 dxe4 4.Nxe4 Bf5 5.Ng3 Bg6 6.Nf3 Nd7 7.h4 h6 8.h5 Bh7
9.Bd3 Bxd3 10.Qxd3 Qc7 11.c4 Ngf6 12.Bd2 e6 13.Ne4 Be7 14.O-O-O Rd8 15.Nxf6+ Nxf6
16.Qc2 O-O 17.Rh4 c5 18.Be3 a6 19.Kb1 b5 20.cxb5 axb5 21.dxc5 Rxd1+ 22.Qxd1 Bxc5
23.Qc2 Rc8 24.Bxc5 Qxc5 25.Qxc5 Rxc5 26.b4 Rd5 27.Kb2 e5 28.Kc3 Kf8 29.Nd2 Ke7
30.g3 Ke6 31.Ne4 Rd4 32.Nc5+ Kd5 33.Rxd4+ exd4+ 34.Kd3 Ng4 35.Ke2 Kc4 36.a3 Kc3
37.f3 Ne5 38.f4 Nc4  0-1

[Event "Hoogovens"]
[Site "Wijk aan Zee"]
[Date "1980.??.??"]
[Round "8"]
[White "Seirawan, Yasser"]
[Black "Alburt, Lev O"]
[Result "1-0"]
[WhiteElo "2510"]
[BlackElo "2515"]

1.c4 c5 2.g3 e6 3.Bg2 d5 4.cxd5 exd5 5.d4 cxd4 6.Nf3 Bb4+ 7.Nbd2 Nc6 8.O-O d3
9.e3 Nf6 10.Nb3 Bf5 11.Nh4 Be4 12.a3 Bxg2 13.Kxg2 Bd6 14.Qxd3 O-O 15.Nd4 Qb6
16.Nhf3 Rfe8 17.b3 Nxd4 18.Nxd4 Be5 19.Bb2 Ne4 20.Rac1 Rad8 21.Rfe1 h5 22.Qe2 h4
23.Nf3 Bxb2 24.Qxb2 Nc5 25.Qc2 Nxb3 26.Rb1 Qf6 27.Nxh4 Na5 28.Qc7 b6 29.Qxa7 Nc4
30.Nf3 Qf5 31.Rbd1 g5 32.Qb7 Rd7 33.Qa6 Rd6 34.Qb5 Re7 35.a4 g4 36.Nh4 Qe4+
37.Kg1 Re5 38.Rf1 Qc2 39.Rd4 Rg5 40.Qe8+ Kg7 41.Rf4 Ne5 42.Qe7 Rdg6 43.e4 Qc6
44.Nf5+ Rxf5 45.exf5 Qd6 46.f6+ Rxf6 47.Rxf6 Qxf6 48.Qxf6+ Kxf6 49.Rd1 Ke6
50.Kf1 Nc4 51.Ke2 Ke5 52.f3 f5 53.fxg4 fxg4 54.Rf1 Kd4 55.Rf4+ Kc3 56.Rxg4 d4
57.Rg8 d3+ 58.Ke1 Nd6 59.Kd1 Ne4 60.Rf8 Kd4  1-0

[Event "Hoogovens"]
[Site "Wijk aan Zee"]
[Date "1980.??.??"]
[Round "9"]
[White "Kovacevic, Vlatko"]
[Black "Seirawan, Yasser"]
[Result "0-1"]
[WhiteElo "2510"]
[BlackElo "2510"]

1.e4 d6 2.d4 Nf6 3.Nc3 g6 4.Be2 Bg7 5.g4 c6 6.g5 Nfd7 7.h4 b5 8.h5 Rg8 9.hxg6 hxg6
10.Nf3 b4 11.Nb1 a5 12.a4 c5 13.d5 Nb6 14.c4 Kd7 15.Nbd2 Rh8 16.Rg1 Kc7 17.Rb1 Rh3
18.b3 Qh8 19.Nf1 N8d7 20.Bf4 Ne5 21.Nxe5 Bxe5 22.Bxe5 Qxe5 23.f3 Bd7 24.Qc2 Qd4
25.Rg2 Rh1 26.Rf2 Qh8 27.f4 Qh4 28.Rd1 f6 29.gxf6 exf6 30.e5 fxe5 31.fxe5 Rf8
32.exd6+ Kb7 33.Bd3 Re8+  0-1

[Event "Hoogovens"]
[Site "Wijk aan Zee"]
[Date "1980.??.??"]
[Round "11"]
[White "Ligterink, Gert"]
[Black "Seirawan, Yasser"]
[Result "1/2-1/2"]
[WhiteElo "2455"]
[BlackElo "2510"]

1.e4 c6 2.d4 d5 3.exd5 cxd5 4.c4 Nf6 5.Nc3 Nc6 6.Bg5 e6 7.Nf3 Be7 8.c5 Ne4
9.Bxe7 Qxe7 10.Qc1 Nxc3 11.Qxc3 e5 12.dxe5 Bg4 13.Be2 O-O 14.O-O Bxf3 15.Bxf3 d4
16.Qc4 Nxe5 17.Qxd4 Nxf3+ 18.gxf3 Rad8 19.Qe3 Qf6 20.Rad1 Qxb2 21.Rxd8 Rxd8
22.Qe7  1/2-1/2

[Event "Hoogovens"]
[Site "Wijk aan Zee"]
[Date "1980.??.??"]
[Round "13"]
[White "Sunye Neto, Jaime"]
[Black "Seirawan, Yasser"]
[Result "1/2-1/2"]
[WhiteElo "2415"]
[BlackElo "2510"]

1.c4 c5 2.Nc3 Nf6 3.Nf3 e6 4.e3 d5 5.d4 a6 6.dxc5 Bxc5 7.a3 O-O 8.b4 Ba7
9.Bb2 dxc4 10.Bxc4 b5 11.Bb3 Bb7 12.O-O Nbd7 13.a4 bxa4 14.Nxa4 Qb8 15.Nd4 Bd5
16.Bxd5 Nxd5 17.Nc6 Qb7 18.Nxa7 Qxa7 19.Qg4 N5f6 20.Bxf6 Nxf6  1/2-1/2

[Event "Bad Kissingen"]
[Site "Bad Kissingen"]
[Date "1981.??.??"]
[Round "?"]
[White "Seirawan, Yasser"]
[Black "Hort, Vlastimil"]
[Result "1/2-1/2"]
[WhiteElo "2555"]
[BlackElo "2575"]

1.c4 Nf6 2.Nc3 e6 3.e4 c5 4.e5 Ng8 5.d4 cxd4 6.Qxd4 Nc6 7.Qe4 Bb4 8.Bd2 d6
9.Qg4 dxe5 10.Qxg7 Qf6 11.Qg3 Nh6 12.O-O-O Nf5 13.Qh3 Qh4 14.Bd3 Qxh3 15.Nxh3 Nfd4
16.f4 Bd7 17.Rhf1 f5 18.fxe5 Nxe5 19.Bg5 O-O 20.Rfe1 Nec6 21.Nf4 Rf7 22.Nh5 Raf8
23.Kb1 Kh8 24.a3 Be7 25.Bf4 Bh4 26.g3 Bd8 27.Re3 Be8 28.Nb5 Rd7 29.Nxd4 Rxd4
30.Be2 Rxd1+ 31.Bxd1 Bf7 32.b4 e5 33.Bh6 Re8 34.Ng7 Bg5 35.Bxg5 Kxg7 36.Rc3 Nd4
37.Kc1 Bg6 38.Be3 Kf6 39.a4  1/2-1/2

[Event "Bad Kissingen"]
[Site "Bad Kissingen"]
[Date "1981.??.??"]
[Round "?"]
[White "Seirawan, Yasser"]
[Black "Wirthensohn, Heinz"]
[Result "1-0"]
[WhiteElo "2555"]
[BlackElo "2420"]

1.c4 e6 2.Nc3 c5 3.Nf3 Nf6 4.d4 cxd4 5.Nxd4 a6 6.Bg5 b6 7.e4 d6 8.f4 Be7
9.Qf3 Bb7 10.f5 Nc6 11.Nxc6 Bxc6 12.Bd3 exf5 13.Qxf5 Nd7 14.Be3 O-O 15.O-O Bf6
16.Rad1 Be5 17.Nd5 Bxb2 18.Bg5 g6 19.Bxd8 gxf5 20.Ne7+ Kh8 21.Nxc6 Rc8 22.Be7 Rfe8
23.e5 Rxc6 24.exd6 Ra8 25.Rxf5 Ra7 26.Rdf1 f6 27.Rd5 Kg7 28.g4 Nc5 29.Bf5 Nd7
30.Bd3 Nc5 31.g5 fxg5 32.Rxg5+ Kh6 33.Rf3 Rxe7 34.dxe7 Re6 35.Rg8  1-0

[Event "Bad Kissingen"]
[Site "Bad Kissingen"]
[Date "1981.??.??"]
[Round "?"]
[White "Wirthensohn, Heinz"]
[Black "Seirawan, Yasser"]
[Result "0-1"]
[WhiteElo "2420"]
[BlackElo "2555"]

1.c4 e5 2.g3 c6 3.d4 exd4 4.Qxd4 d5 5.cxd5 cxd5 6.Nc3 Nf6 7.Nf3 Nc6 8.Qd1 d4
9.Nb1 Bc5 10.Bg2 O-O 11.O-O Re8 12.Bg5 h6 13.Bxf6 Qxf6 14.Nbd2 d3 15.exd3 Qxb2
16.Nc4 Qf6 17.Nfd2 Bf8 18.Rb1 Rd8 19.Qe2 Rb8 20.Nb3 b6 21.Be4 Ba6 22.Rbc1 Rbc8
23.Rfd1 g6 24.a4 Qe6 25.Bf3 Qxe2 26.Bxe2 Nb4 27.Bf1 Bb7 28.Ncd2 Bc6 29.a5 Nxd3
30.Rb1 Ne5 31.axb6 axb6 32.f4 Ng4 33.Nc4 Be4 34.Rxd8 Rxd8 35.Re1 Bc2 36.Ncd2 Bb4
37.Rc1 Ne3 38.Kf2 Rxd2+ 39.Nxd2 Bxd2 40.Ra1 Nxf1  0-1

[Event "Bad Kissingen"]
[Site "Bad Kissingen"]
[Date "1981.??.??"]
[Round "?"]
[White "Lobron, Eric"]
[Black "Seirawan, Yasser"]
[Result "0-1"]
[WhiteElo "2405"]
[BlackElo "2555"]

1.e4 g6 2.d4 Bg7 3.Nf3 d6 4.Be2 Nf6 5.Nc3 O-O 6.O-O c6 7.a4 a5 8.h3 Na6 9.Re1 Nb4
10.Bf1 e5 11.Bg5 h6 12.Be3 Qe7 13.Qd2 Kh7 14.Rad1 Nh5 15.dxe5 dxe5 16.Bb6 Be6
17.Nb1 Nf4 18.Na3 f5 19.Qd6 Qxd6 20.Rxd6 fxe4 21.Nd2 Nbd5 22.Nac4 Bf6 23.Nxe4 Be7
24.Bc5 Bxd6 25.Bxd6 Rfe8 26.Nxe5 Kg7 27.c4 Nb4 28.Re3 Bf5 29.Ng3 Bc2 30.Rf3 g5
31.h4 Re6 32.c5 Rae8 33.hxg5 hxg5 34.Nc4 Nbd5 35.Nxa5 Re1 36.Nxb7 Bd1 37.Re3 Ne2+
38.Rxe2 Bxe2 39.Nxe2 R8xe2 40.Na5 Rxb2 41.Kh2 Rxf2 42.Bd3  0-1

[Event "Bad Kissingen"]
[Site "Bad Kissingen"]
[Date "1981.??.??"]
[Round "?"]
[White "Sosonko, Gennadi"]
[Black "Seirawan, Yasser"]
[Result "1-0"]
[WhiteElo "2595"]
[BlackElo "2555"]

1.d4 Nf6 2.c4 e6 3.Nf3 b6 4.g3 Bb7 5.Bg2 Be7 6.O-O O-O 7.Nc3 Ne4 8.Qc2 Nxc3
9.Qxc3 f5 10.d5 exd5 11.Ne1 d4 12.Qxd4 Bxg2 13.Nxg2 Nc6 14.Qd3 Bd6 15.Bf4 Bxf4
16.Nxf4 Rf7 17.Nd5 d6 18.f4 Qd7 19.Rfe1 Re8 20.e4 fxe4 21.Rxe4 Rxe4 22.Qxe4 Nd8
23.Re1 h6 24.Ne7+  1-0

[Event "Bad Kissingen"]
[Site "Bad Kissingen"]
[Date "1981.??.??"]
[Round "?"]
[White "Seirawan, Yasser"]
[Black "Sosonko, Gennadi"]
[Result "1-0"]
[WhiteElo "2555"]
[BlackElo "2595"]

1.c4 e5 2.Nc3 Nf6 3.e3 d6 4.d4 Nc6 5.Nf3 g6 6.Be2 Bg7 7.dxe5 Nxe5 8.Nxe5 dxe5
9.Qxd8+ Kxd8 10.b3 c6 11.Ba3 Bf5 12.O-O-O+ Kc8 13.h3 h5 14.g4 hxg4 15.hxg4 Bxg4
16.Rxh8+ Bxh8 17.Be7 Bd7 18.Rh1 Bg7 19.Bxf6 Bxf6 20.Ne4 Bd8 21.Rh7 Be8 22.Bg4+ Kc7
23.Be6 Be7 24.Bxf7 Bxf7 25.Rxf7 Kd7 26.Rg7 Ke6 27.Kd1 Rf8 28.Ke2 Rf7 29.Rg8 Kf5
30.Ng3+ Kf6 31.Rb8 Bf8 32.Ne4+ Kf5 33.f3 g5 34.Nf2 Bd6 35.Rg8 Rh7 36.a4 a6
37.Ne4 Be7 38.Rb8 b5 39.cxb5 cxb5 40.Ng3+ Ke6 41.Rb6+ Kd5 42.Rxa6 b4 43.Nf5 e4
44.Nxe7+ Rxe7 45.Ra5+ Kd6 46.Rxg5 Rc7 47.Rg6+ Ke5 48.f4+ Kd5 49.Rg5+ Kd6
50.Rb5 Rc2+ 51.Kd1 Rc3 52.Rxb4 Rxe3 53.a5 Kc5 54.Rb8 Rh3 55.a6 Rh1+ 56.Ke2 Ra1
57.Ke3 Re1+ 58.Kf2 Ra1 59.b4+ Kd4 60.b5 e3+ 61.Kf3 Rf1+ 62.Kg2 Ra1 63.Re8  1-0

[Event "Bad Kissingen"]
[Site "Bad Kissingen"]
[Date "1981.??.??"]
[Round "?"]
[White "Seirawan, Yasser"]
[Black "Lobron, Eric"]
[Result "0-1"]
[WhiteElo "2555"]
[BlackElo "2405"]

1.c4 g6 2.Nc3 Bg7 3.g3 e5 4.Bg2 d6 5.Nf3 f5 6.O-O Nf6 7.d3 O-O 8.Rb1 Nc6
9.b4 a6 10.a4 h6 11.b5 axb5 12.axb5 Ne7 13.Bb2 f4 14.Ra1 Rb8 15.Ra7 Nf5 16.Ne4 fxg3
17.hxg3 Ng4 18.d4 Qe8 19.dxe5 dxe5 20.Qa1 g5 21.Rd1 Qh5 22.Rd3 Be6 23.Qc1 Nd6
24.Nxd6 cxd6 25.Rxd6 e4 26.Rxe6 Rxf3 27.exf3 exf3 28.Kf1 Qh2 29.Bxg7 Qxg2+
30.Ke1 Qxf2+  0-1

[Event "Bad Kissingen"]
[Site "Bad Kissingen"]
[Date "1981.??.??"]
[Round "?"]
[White "Hort, Vlastimil"]
[Black "Seirawan, Yasser"]
[Result "0-1"]
[WhiteElo "2575"]
[BlackElo "2555"]

1.e4 c6 2.d4 d5 3.e5 Bf5 4.Nc3 e6 5.g4 Bg6 6.Nge2 c5 7.h4 cxd4 8.Nxd4 h5
9.Bb5+ Nd7 10.Bg5 Be7 11.f4 hxg4 12.Qxg4 Bxg5 13.fxg5 Bh5 14.Qh3 Ne7 15.Kd2 Rc8
16.Rae1 Qb6 17.Nb3 a6 18.Bxd7+ Kxd7 19.Kc1 Rc4 20.Nd2 Rb4 21.a3 Rxb2 22.Na4 Rxc2+
23.Kxc2 Rc8+ 24.Nc3 d4 25.Rb1 Qc6 26.Rb3 Nd5 27.Nb1 Bg4 28.Qh2 dxc3 29.Kc1 a5
30.Rf1 Bf5 31.a4 c2 32.Na3 Qxa4 33.Rxb7+ Kc6 34.Rxf5  0-1

[Event "Lloyds Bank op"]
[Site "London"]
[Date "1981.??.??"]
[Round "?"]
[White "Seirawan, Yasser"]
[Black "Kinlay, Jonathan"]
[Result "1/2-1/2"]
[WhiteElo "2555"]
[BlackElo "2265"]

1.c4 g6 2.d4 Bg7 3.Nc3 Nf6 4.e4 d6 5.Be2 O-O 6.Bg5 h6 7.Be3 e5 8.d5 Nbd7
9.Qd2 Nc5 10.f3 a5 11.h4 h5 12.Nh3 Nh7 13.Nf2 f5 14.exf5 gxf5 15.g4 e4 16.gxh5 f4
17.Bxc5 dxc5 18.Ncxe4 Bd4  1/2-1/2

[Event "Lone Pine op"]
[Site "Lone Pine"]
[Date "1981.??.??"]
[Round "?"]
[White "Seirawan, Yasser"]
[Black "Pfleger, Helmut"]
[Result "1-0"]
[WhiteElo "2555"]
[BlackElo "2505"]

1.c4 d6 2.Nc3 e5 3.d4 exd4 4.Qxd4 Nc6 5.Qd2 g6 6.b3 Bg7 7.Bb2 Nf6 8.g3 O-O
9.Nh3 Bf5 10.Bg2 Re8 11.Nf4 Ne4 12.Nxe4 Bxe4 13.f3 Bf5 14.Bxg7 Kxg7 15.Qc3+ f6
16.e4 Be6 17.O-O Qe7 18.Nd5 Bxd5 19.cxd5 Nd8 20.Rac1 c5 21.dxc6 bxc6 22.Rfd1 Rc8
23.b4 Nf7 24.b5 c5 25.Rd5 c4 26.f4 Qc7 27.a4 a6 28.Kh1 axb5 29.Rxb5 Qa7 30.Rb4 Rc5
31.Rxc4 Rec8 32.Qd3 Rxc4 33.Rxc4 Rb8 34.Qc2 Qe3 35.Qc1 Qd3 36.Bf1 Qf3+ 37.Kg1 d5
38.Rc7 Rb3 39.exd5 Qe4 40.Qd2 Rb4 41.a5 Rd4 42.Qg2 Qe1 43.Qf2 Qa1 44.a6 Rd1
45.a7 Rxd5 46.Kg2 Qa5 47.Bc4 Rd2 48.Rxf7+ Kh6 49.Be2 Qd5+ 50.Kg1 Ra2 51.Re7  1-0

[Event "Lone Pine op"]
[Site "Lone Pine"]
[Date "1981.??.??"]
[Round "?"]
[White "Seirawan, Yasser"]
[Black "Biyiasas, Peter"]
[Result "1-0"]
[WhiteElo "2555"]
[BlackElo "2450"]

1.d4 Nf6 2.Nf3 g6 3.Bf4 Bg7 4.e3 O-O 5.h3 d6 6.Be2 Nbd7 7.O-O c5 8.c3 b6
9.a4 Bb7 10.Bh2 Ne4 11.a5 Rb8 12.Na3 cxd4 13.exd4 bxa5 14.Nc4 Ba8 15.Qc2 Nb6
16.Nxa5 e6 17.Nb3 Ng5 18.Nbd2 Nxf3+ 19.Bxf3 Bxf3 20.Nxf3 Rb7 21.c4 Qd7 22.b3 Ra8
23.Ra6 Nc8 24.Rfa1 Rb4 25.R1a3 Qb7 26.Bxd6 Nxd6 27.Rxd6 a5 28.c5 Bf8 29.c6 Qc8
30.Rd7 Rb6 31.Ne5 Bxa3 32.Qe4 Qe8 33.Nxf7 Bf8 34.Ng5 Rd8 35.Rxd8 Qxd8 36.Qxe6+ Kg7
37.Qe5+ Kg8 38.Qe6+ Kg7 39.Qf7+ Kh6 40.c7 Qc8 41.h4 Bg7 42.Ne6 Bf6 43.d5 Be5
44.g4 Rb4 45.f3 Qh8 46.g5+ Kh5 47.c8=Q Bh2+ 48.Kxh2 Rxh4+ 49.Kg3 Qe5+ 50.Nf4+ Rxf4
51.Qxh7+ Kxg5 52.Qc1  1-0

[Event "Lone Pine op"]
[Site "Lone Pine"]
[Date "1981.??.??"]
[Round "?"]
[White "Lein, Anatoly"]
[Black "Seirawan, Yasser"]
[Result "1/2-1/2"]
[WhiteElo "2485"]
[BlackElo "2555"]

1.d4 Nf6 2.Nf3 e6 3.Bg5 d5 4.e3 c5 5.Nbd2 Nbd7 6.c3 h6 7.Bh4 Be7 8.Bd3 b6
9.Ne5 cxd4 10.exd4 Nxe5 11.dxe5 Nd7 12.Bxe7 Qxe7 13.Nf3 O-O 14.O-O Nc5 15.Bc2 a5
16.Re1 Bd7 17.Re3 b5 18.a3 Rab8 19.b4 Na4 20.Qd3 g6 21.Bxa4 bxa4 22.Nd4 Rfc8
23.f4 Rc4 24.Qd2 Rbc8 25.Rh3 h5 26.Re1 axb4 27.cxb4 Qd8 28.Rd3 Qb6 29.Qe3 Bb5
30.f5 gxf5 31.Red1 Rc1 32.Rxc1 Rxc1+ 33.Qxc1 Bxd3 34.Qe3 Qa6 35.Qg5+ Kf8
36.Qd8+  1/2-1/2

[Event "Lone Pine op"]
[Site "Lone Pine"]
[Date "1981.??.??"]
[Round "?"]
[White "De Firmian, Nick E"]
[Black "Seirawan, Yasser"]
[Result "0-1"]
[WhiteElo "2410"]
[BlackElo "2555"]

1.e4 c6 2.d4 d5 3.Nd2 dxe4 4.Nxe4 Bf5 5.Ng3 Bg6 6.Nf3 Nd7 7.Bd3 Ngf6 8.Bxg6 hxg6
9.Qe2 e6 10.Bd2 c5 11.O-O-O Qc7 12.Kb1 Be7 13.Bg5 cxd4 14.Rxd4 Nb6 15.Ne4 Rc8
16.h4 Nc4 17.Rhd1 e5 18.R4d3 O-O 19.Bc1 Rfe8 20.Nfg5 Nh5 21.g3 Qc6 22.Nc3 f6
23.g4 Nf4 24.Bxf4 exf4 25.Qe6+ Qxe6 26.Nxe6 Ne5 27.Rd5 f3 28.Nd4 Bb4 29.Ncb5 a6
30.a3 Bf8 31.Nd6 Rcd8 32.Nxe8 Rxd5 33.Nc7 Rd7 34.Nce6 Be7 35.Rg1 Kf7 36.c3 Nd3
37.Rg3 Nxf2 38.g5 Ne4  0-1

[Event "Lone Pine op"]
[Site "Lone Pine"]
[Date "1981.??.??"]
[Round "?"]
[White "Seirawan, Yasser"]
[Black "Kortschnoj, Viktor"]
[Result "1/2-1/2"]
[WhiteElo "2555"]
[BlackElo "2650"]

1.c4 e6 2.Nc3 d5 3.d4 Nf6 4.Bg5 Be7 5.e3 h6 6.Bh4 O-O 7.Nf3 Nbd7 8.Rc1 c6
9.a3 Ne4 10.Bg3 f5 11.Nxe4 fxe4 12.Nd2 Bh4 13.Qg4 Bxg3 14.Qxg3 Qf6 15.Be2 e5
16.dxe5 Nxe5 17.cxd5 cxd5 18.O-O Bf5 19.Nb3 Nc6 20.Rc3 Rad8 21.Rd1 Qe7 22.Nd4 Rd6
23.f4 exf3 24.Nxf5 Rxf5 25.Bxf3 d4 26.exd4 Nxd4 27.Re1 Nxf3+ 28.Rxf3 Rxf3
29.Rxe7 Rd1+ 30.Qe1 Rxe1+ 31.Rxe1 Rb3 32.Re2 Kf7 33.Kf1 a5 34.Ke1 a4 35.Kd1 Kf6
36.Kc2 h5 37.Re4 b5 38.Rd4 Ke5 39.Rd3 Rxd3 40.Kxd3 h4 41.Kc3 Kd5 42.Kb4 Kc6
43.b3 axb3 44.Kxb3  1/2-1/2

[Event "America-Europe"]
[Site "Mar del Plata"]
[Date "1981.??.??"]
[Round "1"]
[White "Larsen, Bent"]
[Black "Seirawan, Yasser"]
[Result "1-0"]
[WhiteElo "2610"]
[BlackElo "2555"]

1.d4 Nf6 2.c4 e6 3.Nc3 Bb4 4.Qc2 d5 5.cxd5 exd5 6.Bg5 h6 7.Bxf6 Qxf6 8.a3 Bxc3+
9.Qxc3 O-O 10.e3 c6 11.Nf3 Bf5 12.Be2 Nd7 13.O-O a5 14.b4 axb4 15.axb4 Qd6
16.Rfc1 Bg4 17.h3 Bh5 18.b5 Rxa1 19.Qxa1 Rc8 20.Qa7 Rb8 21.Ne5 Bxe2 22.Nxd7 Rd8
23.bxc6 bxc6 24.Ne5 Bh5 25.Rxc6 Qf8 26.Rc7 f6 27.Nd7 Qe8 28.Nc5 Bf7 29.Re7 Qf8
30.Qc7 Re8 31.Rd7 Ra8 32.g4 Re8 33.Kg2 Ra8 34.h4 Qe8 35.Re7 Qc8 36.Qxc8+ Rxc8
37.h5 Kf8 38.Ra7 Rc6 39.Kg3 Ke8 40.Nd3 Rd6 41.Nf4 Rd7 42.Ra6 Kd8 43.Ng6 Kc8
44.Nh4 Kb7 45.Ra1 Be6 46.Kf4 Rc7 47.Nf5 Rd7 48.Rc1 Bg8 49.Rc5 Be6 50.f3 Bg8
51.e4 Be6 52.e5 fxe5+ 53.Kxe5 Bxf5 54.gxf5 Re7+ 55.Kxd5 Re3 56.f4 Rh3 57.Ke6 Kb6
58.Kf7 Rd3 59.Kxg7 Rxd4 60.Rc1  1-0